Statistics for Animals beginning with the letter G

Click here to take the quiz!

General Stats

  • This quiz has been taken 96 times
  • The average score is 11 of 20

Answer Stats

ClueAnimal% Correct
Common house lizardGecko
83%
Animal mentioned on the 6th day in most versions of "The 12 days of Christmas"Goose
82%
Dog breed used for racing.Greyhound
82%
Kind of shark that stars in the Jaws franchiseGreat White Shark
80%
Movie: _____s in the mistGorilla
77%
Domesticated animal that can eat nearly anythingGoat
72%
Male of the above animalGander
68%
Land mammal that has a black tongue that can grow to 18 inchesGiraffe
65%
Offspring of the above animalGosling
65%
One of two most common police dog breeds.German Shepherd
62%
Originally known as a desert rat until they were commercially introduced to North America and bred as pets.Gerbil
57%
A small squirrel-like rodent which lives in burrows underground in North AmericaGopher
50%
Small sized arboreal ape endemic to Asia.Gibbon
48%
Also known as a millionfishGuppy
43%
Chris Rock voiced this animal in Dr. DolittleGuinea pig
42%
Provides natural light in caves.Glow Worm
27%
Goofy's pet and Jimmy Cricket's nephew named WilburGrasshopper
25%
Game bird that can survive in the arctic circle.Grouse
25%
Also known as a fish-eating crocodileGharial
20%
Bad Bill is this animal in the animated mivie Rango.Gila Monster
18%

Score Distribution

Percentile by Number Answered

Percent of People with Each Score

Your Score History

You have not taken this quiz